Six Nations Women's Rugby - Grand Slams - Statistics

General Stats
  • This quiz has been taken 22 times
  • The average score is 15 of 17
Answer Stats
Year Team % Correct
2006 England
95%
2007 England
95%
2002 France
95%
2005 France
95%
2003 England
90%
2008 England
90%
2010 England
90%
2011 England
90%
2017 England
90%
2004 France
90%
2014 France
90%
2018 France
90%
2012 England
86%
2019 England
86%
2020 England
86%
2022 England
86%
2013 Ireland
86%
No matching quizzes found
Score Distribution
Percent of People with Each Score
Percentile by Number Answered
Your Score History
You have not taken this quiz